=LDR 00000nam 2200000 4500 =001 INLIS000000000034515 =005 20130612140424 =008 ***********************************ind** =035 ##$$0010-061300000034515 =041 ##$$a ind =082 ##$$a 621.3 =090 ##$$a 621.3, Rob k =100 ##$$a Robertson, Jhon B =245 ##$$a Keterampilan listerik praktis, John b Robertson =260 ##$$a 2007 $b Bandung =300 ##$$a 190 hlm, Ilus, 21 cm =650 ##$$a Listrik =850 ##$$a NBPNMAT